000 00884nam a2200241 a 4500
001 63443
003 BD-RjUL
005 20211209081210.0
008 170130s1985 ii ||||| |||| 00| 0 ben d
035 _a(BD-RjUL)
040 _aBD-RjUL
_bben
_cBD-RjUL
041 _aben
082 _223
_a891.4408
_bTAA 1985
100 1 _aঠাকুর, অবনীন্দ্রনাথ
_9121196
245 1 0 _aঅবনীন্দ্র রচনাবলী /
_c অবনীন্দ্রনাথ ঠাকুর
250 _a৩য় সং.
260 _aকলিকাতা :
_bপ্রকাশ ভবন,
_c১৯৮৫
300 _aখণ্ড ;
_c২১ সেমি
505 0 _aখণ্ড ১ ---
650 _aবাংলা সাহিত্য
_xসংগ্রহ
_9122902
650 _aBengali Literature
_xCollected Work
_9122903
942 _2ddc
_cBK
999 _c63443
_d63443